Turecko bojuje na dvoch frontoch

Krvavý teroristický útok v juhotureckom Suruči. K útoku sa prihlásilo radikálne hnutie Islamský štát (IS). Vojenská odveta Turkov. Mimoriadna schôdza NATO. Kurdská otázka. Kurdský separatizmus - prvoradá hrozba bezpečnosti štátu. Erdoganova optika.

Salvato in:
Dettagli Bibliografici
Autore principale: Pressburg, Adrian Peter
Natura: Capitolo di libro
Lingua:slovacco
Soggetti:
Tags: Aggiungi Tag
Nessun Tag, puoi essere il primo ad aggiungerne!!

MARC

LEADER 00000naa a2200000 4500
001 0206057
005 20231113104049.9
041 0 |a slo 
044 |a SK 
245 1 0 |a Turecko bojuje na dvoch frontoch  |c Adrian Peter Pressburg 
520 |a Krvavý teroristický útok v juhotureckom Suruči. K útoku sa prihlásilo radikálne hnutie Islamský štát (IS). Vojenská odveta Turkov. Mimoriadna schôdza NATO. Kurdská otázka. Kurdský separatizmus - prvoradá hrozba bezpečnosti štátu. Erdoganova optika. 
610 2 0 |a konflikty etnické 
610 2 0 |a konflikty náboženské 
610 2 0 |a politika 
610 2 0 |a terorizmus 
610 2 0 |a Turecko 
610 2 0 |a Irak 
610 2 0 |a Sýria 
100 1 |a Pressburg, Adrian Peter